Statistics for Countries With The Most Malnourishment

Click here to take the quiz!

General Stats

  • This quiz has been taken 29 times
  • The average score is 6 of 10

Answer Stats

PositionCountryContinent% Correct
8Democratic Republic Of The CongoAfrica
91%
10ChadAfrica
87%
1Central African RepublicAfrica
78%
3HaitiNorth America
78%
5ZambiaAfrica
61%
2ZimbabweAfrica
61%
6MadagascarAfrica
52%
4North KoreaAsia
48%
7UgandaAfrica
48%
9YemenAsia
39%

Score Distribution

Percentile by Number Answered

Percent of People with Each Score

Your Score History

You have not taken this quiz